000 00358nam a2200145Ia 4500
008 151213s9999 xx 000 0 und d
100 _aMichael Toolan
245 _aLanguage In Literature
_cMichael Toolan
260 _aNew Dilhi
_bArnold
_c1996
300 _a2213 p.
650 _aEnglish
650 _aEnglish
700 _aMichael Toolan
999 _c1618
_d1618